Sports Quiz

Random Sports Quiz

Nascar 2014 DNF's Quiz Stats

Quiz not verified by Sporcle

Challenge
Share
Tweet
Embed
Score 0/59 Timer 08:00
0 Plays Today
Amount of DNFs driver % Correct
6Jimmie Johnson
95.3%
7Kurt Busch
93.8%
4Kyle Busch
92.2%
3Dale Earnhardt Jr.
90.6%
6Trevor Bayne
89.1%
6Aric Almirola
89.1%
5Tony Stewart
89.1%
5Danica Patrick
89.1%
5Kasey Kahne
89.1%
4Matt Kenseth
89.1%
4Martin Truex Jr
89.1%
2Jeff Gordon
89.1%
5Michael Mcdowell
87.5%
2Greg Biffle
87.5%
5A.J. Allmendinger
85.9%
2Brad Keselowski
85.9%
2Ryan Newman
85.9%
2Denny Hamlin
85.9%
5Clint Bowyer
84.4%
4Kyle Larson
84.4%
4Joey Logano
84.4%
3Carl Edwards
84.4%
3Ricky Stenhouse Jr
84.4%
3Kevin Harvick
84.4%
3Jamie Mcmurray
84.4%
8Ryan Truex
82.8%
4David Ragan
82.8%
3Brian Vickers
82.8%
2Paul Menard
81.3%
1Casey Mears
81.3%
Amount of DNFs driver % Correct
1Bobby Labonte
79.7%
4David Gilliland
78.1%
4Josh Wise
78.1%
1Terry Labonte
78.1%
1Marcos Ambrose
78.1%
3Joe Nemechek
76.6%
2Michael Waltrip
76.6%
6Michael Annett
75%
5Justin Allgaier
75%
5Alex Bowman
75%
4Dave Blaney
75%
5Reed Sorenson
73.4%
1Reed Sorenson
73.4%
1Regan Smith
73.4%
5Landon Cassill
70.3%
4Cole Whitt
67.2%
6J. J. Yeley
62.5%
2Travis Kvapil
62.5%
1Brian Scott
60.9%
4Parker Kligerman
54.7%
5Timmy Hill
53.1%
6Mike Bliss
50%
3David Stremme
40.6%
2Brett Moffitt
39.1%
1Alex Kennedy
39.1%
1Johnny Sauter
35.9%
1Blake Koch
34.4%
1Morgan Shephard
28.1%
2Clay Rodgers
26.6%

You're not logged in!

Compare scores with friends on all Sporcle quizzes.
Join for Free
OR
Log In

You Might Also Like...

Show Comments

Extras

Created Mar 5, 2016ReportNominate
Tags:2014, amount, crashed, driver, NASCAR

Top Quizzes Today


Score Distribution

Your Account Isn't Verified!

In order to create a playlist on Sporcle, you need to verify the email address you used during registration. Go to your Sporcle Settings to finish the process.

Report this User

Report this user for behavior that violates our Community Guidelines.

Details: